000 00408pam a2200169 a 4500
020 _a1-84509-231-7
_c
041 _h
082 _a641.5
100 _aPAUL MORGON
_eAuthor
245 _aHEALTHY COOKING DIABETIC COOK BOOK
_cPAUL MORGON
_hTextual Documents
250 _a1st
260 _awigston
_bSILVERDEL BOOKS
300 _a115
653 _afood production
700 _eCo-Author
930 _a2039
999 _c229440
_d229440